000 00471nmm a2200157Ia 4500
008 251105s9999||||xx |||||||||||||||||und||
020 _a9789561123953
041 _aspa
100 _aVera-Meiggs, David
245 0 _aLa verdad imaginaria : los mitos van al cine
264 _a[Santiago de Chile, Chile] :
_bEditorial Universitaria,
_c2014
300 _a90 páginas
650 _aFilm studies
856 _uhttps://public.digitaliapublishing.com/a/46621
942 _cCF
999 _c94098
_d94098